000 01515nam0a2200349 4500
001 RU\NLR\bibl\982447
005 20250614214816.0
010 _a5-7749-0143-2
_92000
021 _aRU
_b2006-44946
_92250
035 _a(NLR Aleph) 000970334
090 _a395160
_c395160
100 _a20060911d2006 |||y0rusy50 ca
101 0 _arus
102 _aRU
105 _ay |||||||||
200 1 _aВнешнеэкономическая деятельность
_e[учебное пособие]
_fО.И. Дегтярева, Т.Н. Полянова, С.В. Саркисов
205 _a[5-е изд., испр. и доп.]
210 _aМосква
_cДело
_cАкадемия народного хозяйства при Правительстве Российской Федерации
_d2006
215 _a422 с.
_d24
320 _aБиблиогр. в конце частей
606 1 _aВнешнеэкономическая деятельность
_jУчебные издания
_91549664
_3RU\NLR\auth\66977495
686 _aУ58я7
700 1 _4070
_7ca
_8rus
_aДегтярева
_bО. И.
_gОльга Ильинична
_9166061
_3RU\NLR\AUTH\770166108
701 1 _aПолянова
_bТ. Н.
_gТатьяна Николаевна
_4070
701 1 _aСаркисов
_bС. В.
_gСергей Васильевич
_4070
801 0 _aRU
_bNLR
_c20060911
_grcr
801 1 _aRU
_bNLR
_c20060911
830 _aпо кн
942 _cBOOK
980 _aNB